[Event "MVCC (Championship)"]
[Site "Twin Falls, ID"]
[Date "2014.03.22"]
[Round "1.5"]
[White "Longhurst, Corey"]
[Black "Nathan, Jacob Ari"]
[Result "1-0"]
[WhiteElo "1601"]
[BlackElo "1150"]
[EventRounds "4"]
[EventCountry "USA"]

1. d4 Nc6 2. g3 d5 3. Nc3 Bg4 4. Nh3 h6 5. Qd3 a6 6. a3 g5 7. Bg2 Qd7 8. Ng1
Bf5 9. Qd1 e6 10. Be3 Bg7 11. Qd2 Nge7 12. f3 Bg6 13. Bf2 O-O-O 14. e3 Kb8 15.
Na2 Rhe8 16. f4 Nf5 17. Nf3 Nd6 18. O-O g4 19. Ne5 Nxe5 20. fxe5 Ne4 21. Qe2
Bf5 22. Rfc1 Ng5 23. Be1 Be4 24. Qxg4 Bxg2 25. Kxg2 Qb5 26. c4 dxc4 27. Rab1
f5 28. Qe2 Qd5+ 29. e4 fxe4 30. Qxc4 Qxc4 31. Rxc4 Rf8 32. Bf2 b5 33. Rc6 Kb7
34. Rc2 Kb6 35. Rbc1 Rd7 36. h4 Nf7 37. Rc6+ Kb7 38. Rxe6 Nd8 39. Rg6 Rdf7 40.
Rc2 Rg8 41. h5 Rf6 42. exf6 {#r} 1-0

[Event "MVCC (Championship)"]
[Site "Twin Falls, ID"]
[Date "2014.03.22"]
[Round "2.2"]
[White "Imamovic, Nedzad"]
[Black "Longhurst, Corey"]
[Result "1-0"]
[WhiteElo "1707"]
[BlackElo "1601"]
[EventRounds "4"]
[EventCountry "USA"]

1. e4 e5 2. Nf3 Nc6 3. Bc4 Nf6 4. Nc3 Bc5 5. h3 a6 6. d3 h6 7. Qe2 b5 8. Bb3
Bb7 9. Be3 Nd4 10. Bxd4 exd4 11. Nd5 O-O 12. Nxf6+ Qxf6 13. O-O d6 14. a4 b4
15. Nh2 Rae8 16. f4 Qd8 17. Kh1 Kh8 18. Qg4 Bc8 19. Qh5 Be6 20. f5 Bxb3 21.
cxb3 Qg5 22. Qxg5 hxg5 23. f6 Re6 24. fxg7+ Kxg7 25. Rf5 f6 26. Raf1 c6 27.
Nf3 Ree8 28. Rc1 Rc8 29. Rc4 Rfd8 30. Nxd4 Bxd4 31. Rxd4 c5 32. Rc4 a5 33. Kg1
Kg6 34. Kf2 Rd7 35. d4 Rdc7 36. dxc5 Rxc5 37. Rfxc5 dxc5 38. g4 Kf7 39. Ke3
Ke6 40. Rc2 Kd6 41. Rd2+ Kc6 42. Rd5 Re8 43. Kd3 Re5 44. Rxe5 fxe5 45. Kc4
{#r} 1-0

[Event "MVCC (Championship)"]
[Site "Twin Falls, ID"]
[Date "2014.03.22"]
[Round "3.3"]
[White "Longhurst, Corey"]
[Black "Looney, Daniel S"]
[Result "1/2-1/2"]
[WhiteElo "1601"]
[BlackElo "1611"]
[EventRounds "4"]
[EventCountry "USA"]

1. e4 c6 2. d4 d5 3. e5 c5 4. c3 Nc6 5. Be3 Bf5 6. Bd3 Bxd3 7. Qxd3 cxd4 8.
cxd4 e6 9. Nc3 Nh6 10. Nge2 Nf5 11. O-O Be7 12. Rad1 O-O 13. Bc1 Qb6 14. Nxd5
exd5 15. Qxf5 Qa6 16. Nc3 Qc4 17. Qg4 Nxe5 {#d} 1/2-1/2

[Event "MVCC (Championship)"]
[Site "Twin Falls, ID"]
[Date "2014.03.22"]
[Round "4.4"]
[White "Booth, Tom R"]
[Black "Longhurst, Corey"]
[Result "1/2-1/2"]
[WhiteElo "1597"]
[BlackElo "1601"]
[EventRounds "4"]
[EventCountry "USA"]

1. d4 Nf6 2. c4 g6 3. Nc3 d5 4. e3 Bg7 5. Nf3 O-O 6. Be2 b6 7. cxd5 Nxd5 8.
Bd2 c6 9. O-O Bb7 10. Nxd5 Qxd5 11. Qc2 Rd8 12. Bc4 Qd7 13. Rfd1 c5 14. Ne5
Bxe5 15. dxe5 Qg4 16. Bf1 Bf3 17. Re1 Be4 18. Qc1 Nc6 19. Bc3 Rd3 20. Rd1 Rad8
21. Rxd3 Rxd3 22. Qe1 Rd8 23. Qe2 Qf5 24. Rd1 Rxd1 25. Qxd1 Qe6 26. b3 Qc8 27.
Bc4 Bf5 28. Bd5 Nb4 29. Bxb4 cxb4 30. Bc4 a6 31. h3 b5 32. Bd5 Kg7 33. Qd4 Qc3
34. Bb7 Qxd4 35. exd4 a5 36. Bc6 Bd3 37. d5 Kf8 38. d6 exd6 39. exd6 f5 40. f3
f4 41. Kf2 Kf7 42. g3 g5 43. gxf4 gxf4 44. Ke1 Ke6 45. d7 Ke7 46. Kd2 Bf1 47.
h4 h5 48. Ke1 Bd3 49. Kd2 Bf1 50. Ke1 Bd3 51. Kd2 Bf1 {#d} 1/2-1/2

[Event "Longhurst Simul"]
[Site "Hailey, ID"]
[Date "2014.04.01"]
[Round "1.2"]
[White "Longhurst, Corey Kenneth"]
[Black "Murphy, Andre R"]
[Result "1-0"]
[WhiteElo "1443"]
[BlackElo "973"]
[EventCountry "USA"]

1. d4 e6 2. c4 c5 3. d5 d6 4. Nc3 e5 5. e4 Nf6 6. h3 Be7 7. f4 exf4 8. Bxf4
O-O 9. Nf3 Nh5 10. Bh2 Bh4+ 11. Kd2 Bg3 12. Kc2 Nd7 13. Nd2 Ndf6 14. Be2 Bxh2
15. Bxh5 Be5 16. Bf3 Bd7 17. g4 Qe8 18. g5 Bxc3 19. bxc3 Ba4+ 20. Nb3 Nxe4 21.
Re1 Nf2 22. Rxe8 Nxd1 23. Rxf8+ Kxf8 24. Rxd1 Re8 25. Kb2 Re3 26. Rf1 Bd7 27.
h4 Bf5 28. h5 f6 29. gxf6 gxf6 30. Bd1 Bd3 31. Rxf6+ Ke7 32. Re6+ Rxe6 33.
dxe6 Kxe6 34. Bf3 Bxc4 35. Bxb7 Kf6 36. Be4 h6 37. Nd2 Bf7 38. Bf3 d5 39. Nb3
c4 40. Nd4 Kg5 41. Ka3 Bxh5 42. Bxd5 Bg4 43. Bxc4 h5 44. Bd5 h4 45. c4 Kf6 46.
Nc6 Be6 47. Bg2 Bxc4 48. Nxa7 Kg5 49. Kb2 Kf4 50. a4 Ba6 51. Nb5 Ke5 52. Kc3
Kf6 53. Kd4 Ke6 54. Kc5 Kd7 55. Kb6 Bc8 56. Na7 Kd8 57. Nxc8 Kxc8 58. a5 Kb8
59. a6 h3 60. Bh1 h2 {#r} 1-0

[Event "Longhurst Simul"]
[Site "Hailey, ID"]
[Date "2014.04.01"]
[Round "1.3"]
[White "Longhurst, Corey Kenneth"]
[Black "Iverson, Journey"]
[Result "1-0"]
[WhiteElo "1443"]
[BlackElo "567"]
[EventCountry "USA"]

1. d4 e6 2. Nf3 d5 3. g3 c5 4. Bg2 b6 5. O-O Nc6 6. c3 Bd6 7. Na3 Nge7 8. Nb5
Ba6 9. Nxd6+ Qxd6 10. Bf4 e5 11. Nxe5 Bb7 12. Nxf7 Kxf7 13. Bxd6 cxd4 14. Bxe7
Kxe7 15. Bxd5 Ba6 16. Bxc6 Rad8 17. Qa4 b5 18. Qxa6 {#r} 1-0

[Event "Longhurst Simul"]
[Site "Hailey, ID"]
[Date "2014.04.01"]
[Round "1.4"]
[White "Crowson, Keegan D"]
[Black "Longhurst, Corey Kenneth"]
[Result "1-0"]
[WhiteElo "457"]
[BlackElo "1443"]
[EventCountry "USA"]

1. e4 c5 2. Nf3 d6 3. c3 Nc6 4. d4 cxd4 5. cxd4 g6 6. d5 Nb8 7. b3 Bg7 8. e5
dxe5 9. Bb2 Qd6 10. h3 a6 11. Bc4 b5 12. Nbd2 bxc4 13. Nxc4 Qb4+ 14. Qd2 Qxd2+
15. Nfxd2 Bb7 16. Nb6 Ra7 17. O-O Nh6 18. Rae1 O-O 19. Bxe5 Rd8 20. Ndc4 Bxd5
21. Nxd5 Rxd5 22. Bxb8 Rb7 23. Be5 e6 24. Bxg7 Kxg7 25. a4 Rxb3 26. Re3 Rb4
27. Na3 Rxa4 28. Rb1 Rd2 29. Rc3 Nf5 30. Nc4 Raa2 31. Nxd2 Rxd2 32. Ra1 Rd6
33. Rca3 Nd4 34. Ra4 Ne2+ 35. Kf1 Nc3 36. Rxa6 Rd2 37. Ke1 Re2+ 38. Kf1 Rc2
39. Rc6 Ra2 40. Rxa2 Nxa2 41. Rc4 Kf6 42. Ke2 Ke5 43. Kd2 f5 44. Ra4 {#r} 1-0

[Event "Longhurst Simul"]
[Site "Hailey, ID"]
[Date "2014.04.01"]
[Round "1.5"]
[White "Roland, Jeffrey T"]
[Black "Longhurst, Corey Kenneth"]
[Result "1-0"]
[WhiteElo "1715"]
[BlackElo "1443"]
[EventCountry "USA"]

1. d4 Nf6 2. Nf3 d6 3. c4 g6 4. Nc3 Bg7 5. g3 Be6 6. e4 Bg4 7. Bg2 Nbd7 8. Qb3
Rb8 9. O-O O-O 10. Nd2 e5 11. f3 exd4 12. Nb5 Be6 13. Nxd4 Nc5 14. Qe3 Re8 15.
b4 Ncd7 16. Rb1 a6 17. N2b3 Bxc4 18. Rd1 Nb6 19. a3 Qd7 20. Nd2 Qa4 21. Bb2
Be6 22. Rbc1 Qd7 23. Nxe6 Rxe6 24. Qb3 Rc8 25. Bh3 Qa4 26. Bxe6 Rf8 27. Bh3
Qe8 28. Rxc7 Qb8 29. Rdc1 Bh6 30. Bxf6 Bxd2 31. R1c2 Bh6 32. Be7 Re8 33. Bxd6
Qd8 {#r} 1-0

[Event "Longhurst Simul"]
[Site "Hailey, ID"]
[Date "2014.04.01"]
[Round "1.6"]
[White "Catangcatang, Levi"]
[Black "Longhurst, Corey Kenneth"]
[Result "0-1"]
[WhiteElo "296"]
[BlackElo "1443"]
[EventCountry "USA"]

1. e4 e5 2. Nf3 Nc6 3. d4 exd4 4. Nxd4 Ne5 5. Be2 Nf6 6. f3 Bc5 7. f4 Nc6 8.
Nb3 Bb6 9. e5 Ne4 10. N1d2 Nf2 11. Rf1 Nxd1 12. Bxd1 O-O 13. c3 Qh4+ 14. g3
Qxh2 15. Rf3 Qg1+ 16. Nf1 d6 17. Be3 Bxe3 18. Rxe3 Qxe3+ 19. Nxe3 dxe5 20. f5
e4 21. g4 g6 22. f6 Ne5 23. g5 Nd3+ 24. Ke2 Nxb2 25. Bc2 Bf5 26. Nc5 b6 27.
Nxe4 Na4 28. Nd2 Bxc2 29. Nxc2 Nxc3+ 30. Kd3 Nd5 31. Kc4 Nf4 32. Rf1 Nh3 33.
Ne4 Rfe8 34. Rh1 Rxe4+ 35. Nd4 Rh4 36. Kd5 Rd8+ 37. Ke5 Rdxd4 38. Re1 Nxg5 39.
Re3 Rhe4+ 40. Rxe4 Rxe4+ 41. Kd5 c5 42. Kc6 Re6+ 43. Kb5 Rxf6 44. a4 h5 45. a5
bxa5 46. Kxa5 Rc6 {#R} 0-1

[Event "BCC #3"]
[Site "Boise, ID"]
[Date "2014.05.10"]
[Round "1.1"]
[White "Longhurst, Corey Kenneth"]
[Black "Inman, James"]
[Result "1-0"]
[WhiteElo "1443"]
[BlackElo "1763"]
[EventRounds "4"]
[EventCountry "USA"]

1. e4 c6 2. d4 d5 3. exd5 cxd5 4. c4 Nf6 5. Nc3 Bf5 6. h3 e6 7. Qb3 Qd7 8. Nf3
Nc6 9. Be3 Bb4 10. Ne5 Nxe5 11. dxe5 Bxc3+ 12. Qxc3 Ne4 13. Qa3 Qe7 14. Qa4+
Qd7 15. Qxd7+ Kxd7 16. g4 Bg6 17. cxd5 exd5 18. Bb5+ Ke6 19. Bf4 Nc5 20. O-O
a6 21. Be2 h5 22. Bg3 Rad8 23. f4 hxg4 24. hxg4 Be4 25. f5+ Ke7 26. Bf3 Bxf3
27. Rxf3 Ne4 28. Kg2 Rh6 29. Rh1 Rxh1 30. Kxh1 f6 31. e6 d4 32. Kg2 d3 33. Rf1
Rc8 34. Rd1 Rc2+ 35. Kf3 Nc5 36. b4 Na4 37. Rxd3 Rc3 38. Bd6+ Ke8 39. Ke3
Rxd3+ 40. Kxd3 Nb6 41. Bc5 Nc8 42. Ke4 b6 43. Bd4 b5 44. Kd5 Kd8 45. Kc6 Ne7+
46. Kb7 Nd5 47. Bc5 Nc7 48. Bb6 {#r} 1-0

[Event "BCC #3"]
[Site "Boise, ID"]
[Date "2014.05.10"]
[Round "2.1"]
[White "Booth, Tom R"]
[Black "Longhurst, Corey Kenneth"]
[Result "1-0"]
[WhiteElo "1551"]
[BlackElo "1443"]
[EventRounds "4"]
[EventCountry "USA"]

1. d4 Nf6 2. c4 g6 3. Nc3 d5 4. cxd5 Nxd5 5. e3 Nxc3 6. bxc3 b6 7. Bb5+ c6 8.
Be2 Bg7 9. Nf3 Nd7 10. O-O O-O 11. Bb2 Bb7 12. Rb1 b5 13. c4 a6 14. c5 Qa5 15.
Qb3 e5 16. Rfd1 Qc7 17. Rbc1 exd4 18. exd4 Nf6 19. a4 Bh6 20. Rb1 Bc8 21. axb5
axb5 22. Ra1 Be6 23. Qc2 Rab8 24. Ra3 Nd5 25. Rda1 Bf5 26. Qd1 Rfe8 27. Ra7
Qd8 28. Ne5 Rxe5 29. dxe5 Qf8 30. Bf3 Qxc5 31. Bxd5 Rf8 32. Bf3 Qb4 33. Ba3
Qc4 34. Bxf8 Kxf8 35. Bxc6 Qxc6 36. Qd8+ Kg7 37. Rc7 Qe4 38. Qf6+ Kg8 39.
Qxf7+ {#r} 1-0

[Event "BCC #3"]
[Site "Boise, ID"]
[Date "2014.05.10"]
[Round "3.3"]
[White "Longhurst, Corey Kenneth"]
[Black "Edvalson, Paul"]
[Result "0-1"]
[WhiteElo "1443"]
[BlackElo "1622"]
[EventRounds "4"]
[EventCountry "USA"]

1. e4 d6 2. d4 Nf6 3. Nc3 c6 4. Bc4 d5 5. exd5 cxd5 6. Bb3 a6 7. a4 Bg4 8. f3
Bh5 9. Nh3 e6 10. Bg5 Be7 11. Qd2 Nc6 12. Nf4 Bg6 13. O-O O-O 14. Nfe2 Rc8 15.
Be3 Na5 16. Ba2 Nc4 17. Bxc4 Rxc4 18. Rfc1 Qc7 19. Nf4 Bb4 20. Nxg6 hxg6 21.
Bf4 Qc6 22. Qd1 Bxc3 23. bxc3 Rxc3 24. g4 Rc4 25. a5 Rc8 26. Ra2 Ra4 27. Rxa4
Qxa4 28. Qd2 Qa3 29. Kg2 Rc3 30. Rb1 Rxf3 31. Rxb7 Nxg4 32. Bg3 Ne3+ 33. Kh3
Nf1 34. Qg5 Rf5 35. Rb8+ Kh7 36. Qd8 g5 37. Qh8+ Kg6 38. Rg8 g4+ 39. Kh4 Qe7+
{#R} 0-1

[Event "BCC #3"]
[Site "Boise, ID"]
[Date "2014.05.10"]
[Round "4.3"]
[White "Buus, Jarod N"]
[Black "Longhurst, Corey Kenneth"]
[Result "1-0"]
[WhiteElo "1562"]
[BlackElo "1443"]
[EventRounds "4"]
[EventCountry "USA"]

1. e4 c5 2. Nf3 d6 3. d4 cxd4 4. Nxd4 a6 5. Be3 g6 6. Nc3 Qc7 7. Qd2 e6 8. Be2
Nd7 9. f4 b5 10. a3 Nc5 11. Bf3 Bb7 12. O-O Nf6 13. e5 Nd5 14. Nxd5 exd5 15.
Rad1 Ne4 16. Bxe4 dxe4 17. e6 Bg7 18. f5 O-O-O 19. f6 Bf8 20. e7 Bxe7 21. fxe7
Qxe7 22. Bg5 e3 23. Bxe7 exd2 24. Bxd8 Kxd8 25. Rxf7 Be4 26. Rxd2 Re8 27. Re2
h5 28. Ra7 Re5 29. Rf2 Ke8 30. c3 h4 31. Rf6 Rg5 32. Re6+ {#r} 1-0

[Event "BCC #4"]
[Site "Boise, ID"]
[Date "2014.09.06"]
[Round "1.3"]
[White "Hamilton, Brett B"]
[Black "Longhurst, Corey Kenneth"]
[Result "1-0"]
[WhiteElo "1706"]
[BlackElo "1437"]
[EventRounds "4"]
[EventCountry "USA"]

1. d4 d5 2. c4 Nf6 3. Nc3 g6 4. Bg5 Ne4 5. Bf4 Nxc3 6. bxc3 c5 7. e3 Bg7 8.
Nf3 dxc4 9. Bxc4 O-O 10. O-O Nd7 11. Qe2 Nf6 12. Rfd1 Ne4 13. Rac1 Qa5 14. Qc2
Nd6 15. Be2 Bf5 16. Qb2 Be4 17. Ng5 Bd5 18. c4 Bc6 19. Qd2 Qxd2 20. Rxd2 cxd4
21. exd4 Nf5 22. d5 Ba4 23. c5 Rfd8 24. g4 Nd4 25. Nf3 Nxe2+ 26. Rxe2 Rxd5 27.
Rxe7 Bc6 28. Ne5 Bf8 29. Nxc6 bxc6 30. Rc7 Bxc5 31. Rxc6 Bb6 32. h3 Kg7 33.
Kg2 Re8 34. Kf1 h5 35. Re1 Rxe1+ 36. Kxe1 hxg4 37. hxg4 Rd7 38. g5 Rb7 39.
Be5+ f6 40. Bxf6+ Kf7 41. Rc4 Ba5+ 42. Kf1 Rb1+ 43. Kg2 Rb7 44. Rh4 Ke6 45.
Rh8 Kf5 46. Rf8 {(Time Forfeit)} {#r} 1-0

[Event "BCC #4"]
[Site "Boise, ID"]
[Date "2014.09.06"]
[Round "2.3"]
[White "Longhurst, Corey Kenneth"]
[Black "Roland, Jeffrey T"]
[Result "0-1"]
[WhiteElo "1437"]
[BlackElo "1781"]
[EventRounds "4"]
[EventCountry "USA"]

1. e4 e5 2. Nf3 Nc6 3. Bb5 a6 4. Ba4 Nf6 5. Qe2 d6 6. h3 Be7 7. c3 b5 8. Bb3
Na5 9. Bc2 c5 10. d3 O-O 11. O-O Nc6 12. Nh2 Ne8 13. f4 exf4 14. Bxf4 Bg5 15.
Bg3 Be6 16. Qf3 Ne5 17. Qf2 Nf6 18. Nf3 Nxf3+ 19. Qxf3 Qd7 20. Bf2 Rac8 21. b3
Qc7 22. d4 g6 23. g4 Qb7 24. d5 Nxd5 25. exd5 Bxd5 26. Qg3 Qc7 27. h4 Bf6 28.
h5 Be5 29. Qh4 Qc6 30. hxg6 fxg6 31. Qh3 Rf3 32. Qh4 Rcf8 33. Bd1 R3f4 34. Be2
Bf6 35. Qh3 Be5 36. Bg3 Rxf1+ 37. Bxf1 Rf3 38. Bxe5 Rxh3 39. Bxh3 dxe5 40. Nd2
Qf6 41. Rf1 Qh4 42. Kh2 e4 43. c4 bxc4 44. Nxc4 Bxc4 45. bxc4 e3 {(Time
Forfeit)} {#R} 0-1

[Event "BCC #4"]
[Site "Boise, ID"]
[Date "2014.09.06"]
[Round "3.4"]
[White "Longhurst, Corey Kenneth"]
[Black "Batten, Jesse"]
[Result "1-0"]
[WhiteElo "1437"]
[BlackElo "1136"]
[EventRounds "4"]
[EventCountry "USA"]

1. c4 e5 2. g3 Nf6 3. Bg2 Bc5 4. e3 O-O 5. Ne2 d5 6. cxd5 Nxd5 7. Nbc3 c6 8.
O-O Bg4 9. Qb3 b6 10. Re1 Nd7 11. Nxd5 cxd5 12. Bxd5 Rc8 13. Qa4 Nf6 14. Bg2
Bd7 15. Qb3 Be6 16. Qb5 a6 17. Qxa6 e4 18. Nc3 Ra8 19. Qf1 Bf5 20. b3 Bb4 21.
Qb5 Bc5 22. b4 Bd7 23. Qc4 b5 24. Qxc5 Rc8 25. Qd6 Rc6 26. Qf4 Nh5 27. Qxe4
Re6 28. Qd5 Nf6 29. Qc5 Qb8 30. Bb2 Re5 31. Qd4 Be6 32. Red1 Bg4 33. f3 Rd8
34. Qf4 Bf5 35. Ne4 Re6 36. Qxf5 Nxe4 37. fxe4 g6 38. Qf2 Red6 39. Be5 Rxd2
40. Rxd2 Qxe5 41. Rxd8+ Kg7 42. Rad1 Qe6 43. Qb2+ Kh6 44. R1d5 Qb6 45. Kf2 Qe6
46. Rg8 f6 47. Qb3 f5 48. Rdd8 Qxb3 49. axb3 fxe4 50. g4 Kg5 51. Rd5+ Kxg4 52.
Bxe4 Kh3 53. Bxg6 h5 54. Rxh5+ Kg4 55. h3# 1-0

[Event "BCC #4"]
[Site "Boise, ID"]
[Date "2014.09.06"]
[Round "4.4"]
[White "Lang, Jamie"]
[Black "Longhurst, Corey Kenneth"]
[Result "0-1"]
[WhiteElo "1446"]
[BlackElo "1437"]
[EventRounds "4"]
[EventCountry "USA"]

1. e4 c5 2. Nf3 d6 3. d4 cxd4 4. Nxd4 a6 5. Nc3 g6 6. Be3 Nf6 7. Bc4 b5 8. Bd5
Nxd5 9. exd5 Bb7 10. b4 Bg7 11. O-O O-O 12. Qd2 Re8 13. Bg5 Qb6 14. Be3 Qc7
15. a4 Rc8 16. Ra3 bxa4 17. Nde2 Nd7 18. Bd4 Nf6 19. Rxa4 Qd7 20. Ra5 Rc4 21.
Bxf6 Bxf6 22. Na2 Qf5 23. c3 Be5 24. Ng3 Qf6 25. Ne2 Bc8 26. f4 Bxc3 27. Nexc3
Rd4 28. Qe3 Rc4 29. Ne2 Qf5 30. Ng3 Qf6 31. Re1 Rc7 32. Ne4 Qh4 33. g3 Qg4 34.
Ng5 h6 35. Nf3 Qh3 {(Time Forfeit)} {#R} 0-1

[Event "TVCC"]
[Site "Boise, ID"]
[Date "2014.10.25"]
[Round "1.3"]
[White "Longhurst, Corey"]
[Black "Brubaker, Bill"]
[Result "0-1"]
[WhiteElo "1601"]
[BlackElo "1021"]
[EventRounds "4"]
[EventCountry "USA"]

1. e4 e6 2. d4 Bb4+ 3. c3 Ba5 4. Nf3 Nf6 5. Bg5 h6 6. Bh4 g5 7. Nxg5 hxg5 8.
Bxg5 Rg8 9. Bh4 Rg4 10. Bxf6 Rxe4+ 11. Be2 Qxf6 12. Nd2 Rh4 13. Nf3 Rh8 14.
Qd3 Rg8 15. g3 d6 16. Qb5+ Nc6 17. h4 a6 18. Qd3 e5 19. d5 Nd4 20. Nxd4 exd4
21. Qe4+ Qe7 22. Qxd4 Bb6 23. Qf4 Bg4 24. f3 Bd7 25. g4 Be3 26. Qg3 f5 27. g5
f4 28. Qg2 Qf6 29. Rh2 Qg6 30. Bc4 b5 31. Bb3 O-O-O 32. Kf1 Bf5 33. Ke1 Rde8
34. Kd1 Bd3 35. a4 Bc4 36. Bc2 Qf7 37. Qg4+ Kb7 38. Be4 Bb3+ 39. Ke1 Bxd5 40.
g6 Qe6 41. Bf5 Qe5 42. Kf1 Bc4+ 43. Kg2 Bf7 44. Kh1 Qf6 45. gxf7 Qxf7 46. Qh3
Rg3 47. Qf1 Qxf5 48. Qe2 Qd5 49. Rf1 bxa4 50. c4 Qc5 51. Qd3 Reg8 52. Qe4+ Qc6
53. Qb1 Rxf3 54. Rg1 Rf1+ 55. Rhg2 Rxg1+ 56. Qxg1 Bxg1 {#R} 0-1

[Event "TVCC"]
[Site "Boise, ID"]
[Date "2014.10.25"]
[Round "2.4"]
[White "Buus, Jarod"]
[Black "Longhurst, Corey"]
[Result "1-0"]
[WhiteElo "1213"]
[BlackElo "1601"]
[EventRounds "4"]
[EventCountry "USA"]

1. e4 e5 2. f4 d5 3. exd5 exf4 4. Nf3 Qxd5 5. Nc3 Qd8 6. d4 g5 7. Bc4 Nh6 8.
O-O Bg4 9. Re1+ Be7 10. Nd5 Be6 11. Nxe7 Qxe7 12. d5 Qc5+ 13. Qd4 Qxd4+ 14.
Nxd4 O-O 15. dxe6 fxe6 16. Rxe6 Kg7 17. Bd2 Ng8 18. Bc3 Nd7 19. Nf5+ Kf7 20.
Rae1 Rfe8 21. Rf6# 1-0

[Event "TVCC"]
[Site "Boise, ID"]
[Date "2014.10.25"]
[Round "3.5"]
[White "Longhurst, Corey"]
[Black "Labastida, Eric"]
[Result "0-1"]
[WhiteElo "1601"]
[BlackElo "1000"]
[EventRounds "4"]
[EventCountry "USA"]

1. e4 Nf6 2. Nc3 e5 3. Nf3 Nc6 4. Bb5 a6 5. Be2 Bb4 6. d3 Bxc3+ 7. bxc3 d5 8.
exd5 Qxd5 9. O-O e4 10. dxe4 Qxd1 11. Rxd1 Nxe4 12. Bb2 O-O 13. h3 Re8 14. Bf1
Bf5 15. Nh4 g6 16. Nxf5 gxf5 17. a4 Rad8 18. Rdb1 Rd2 19. f3 Ng3 20. Bd3 Ne5
21. Re1 Kf8 22. Bc1 Nxf3+ {#R} 0-1

[Event "TVCC"]
[Site "Boise, ID"]
[Date "2014.10.25"]
[Round "4.6"]
[White "Mussler-Wright, Amelia"]
[Black "Longhurst, Corey"]
[Result "0-1"]
[WhiteElo "1000"]
[BlackElo "1601"]
[EventRounds "4"]
[EventCountry "USA"]

1. e4 c5 2. d3 g6 3. Nf3 d6 4. Nc3 Nc6 5. d4 cxd4 6. Nxd4 Bg7 7. Be3 a6 8. Bc4
Qc7 9. O-O Ne5 10. Qf3 Nxf3+ 11. Nxf3 Qxc4 12. Nd2 Qc6 13. Rad1 Be6 14. b3
Bxc3 15. Nb1 Nf6 16. Bh6 Qxe4 17. f3 Qc6 18. Bg7 Rg8 19. Bh6 Bb4 20. c3 Bc5+
21. Kh1 g5 22. b4 Be3 23. Rd3 Bc4 24. Rd4 Bxf1 25. Rd1 Bxg2+ 26. Kxg2 Ng4 27.
Rf1 Rg6 28. Bxg5 O-O-O 29. Kh3 Nf2+ 30. Kg2 Rxg5# 0-1

[Event "BCC #5"]
[Site "Boise, ID"]
[Date "2014.11.22"]
[Round "1.2"]
[White "Longhurst, Corey Kenneth"]
[Black "Inman, James"]
[Result "1-0"]
[WhiteElo "1410"]
[BlackElo "1719"]
[EventRounds "4"]
[EventCountry "USA"]

1. e4 c6 2. d4 d5 3. Nc3 dxe4 4. Nxe4 Nf6 5. Ng3 Nbd7 6. Nf3 Qc7 7. Bd3 g6 8.
O-O Bg7 9. Re1 e6 10. c4 O-O 11. h3 c5 12. Be3 Rd8 13. Qb3 b6 14. Rad1 Bb7 15.
Be2 a6 16. Rd2 cxd4 17. Bxd4 Nc5 18. Bxc5 Rxd2 19. Bxb6 Qd7 20. Nxd2 Qxd2 21.
Rd1 Qg5 22. Be3 Qe5 23. Qxb7 Rb8 24. Qxa6 Qxb2 25. Qa5 Ne4 26. Rd8+ Rxd8 27.
Qxd8+ Bf8 28. Bh6 Qb4 29. Qxf8+ Qxf8 30. Bxf8 {#r} 1-0

[Event "BCC #5"]
[Site "Boise, ID"]
[Date "2014.11.22"]
[Round "2.3"]
[White "Booth, Tom R"]
[Black "Longhurst, Corey Kenneth"]
[Result "1/2-1/2"]
[WhiteElo "1580"]
[BlackElo "1410"]
[EventRounds "4"]
[EventCountry "USA"]

1. d4 d5 2. c4 c6 3. cxd5 cxd5 4. Nf3 Nf6 5. Nc3 g6 6. e3 Bg7 7. Bb5+ Bd7 8.
Bxd7+ Nbxd7 9. Qb3 Nb6 10. Qb5+ Qd7 11. O-O O-O 12. Qxd7 Nbxd7 13. b3 a6 14.
Ba3 Rfe8 15. Rac1 e5 16. dxe5 Nxe5 17. Nxe5 Rxe5 18. Bb2 Ree8 19. Ne2 Rad8 20.
Rfd1 Rd7 21. Bxf6 Bxf6 22. Nd4 Kg7 23. g3 h5 24. h4 Be7 25. Rc2 Bb4 26. Rdc1
Red8 27. Rc7 Bd6 28. Rxd7 Rxd7 29. Kf1 Re7 30. Rc2 {#d} 1/2-1/2

[Event "BCC #5"]
[Site "Boise, ID"]
[Date "2014.11.22"]
[Round "3.3"]
[White "Longhurst, Corey Kenneth"]
[Black "Kircher, Caleb Paul"]
[Result "0-1"]
[WhiteElo "1410"]
[BlackElo "1869"]
[EventRounds "4"]
[EventCountry "USA"]

1. e4 d5 2. exd5 Nf6 3. d4 Nxd5 4. c4 Nb6 5. Be3 e5 6. d5 Bb4+ 7. Nd2 c6 8.
Qb3 Bxd2+ 9. Bxd2 O-O 10. Qg3 cxd5 11. Bh6 Qf6 12. Bg5 Qd6 13. O-O-O Bf5 14.
Nf3 N8d7 15. Nd4 Bg6 16. h4 Nf6 17. Nb5 Qc6 18. Bxf6 Qxf6 19. c5 Rac8 20. Nxa7
Rxc5+ 21. Kd2 Ra8 22. h5 Bf5 23. Qa3 Rc2+ 24. Ke1 Bg4 25. f3 Qf4 26. Qb3 Qg3#
0-1

[Event "Western Idaho Open"]
[Site "Boise, ID"]
[Date "2014.12.13"]
[Round "1.106"]
[White "Inman, James"]
[Black "Longhurst, Corey Kenneth"]
[Result "1-0"]
[WhiteElo "1724"]
[BlackElo "1410"]
[EventRounds "5"]
[EventCountry "USA"]

1. d4 d5 2. c4 c6 3. Nc3 Nf6 4. e3 Bf5 5. cxd5 cxd5 6. Qb3 Qd7 7. Bb5 Nc6 8.
Nf3 Rc8 9. Ne5 Qd6 10. f3 a6 11. Nxc6 bxc6 12. Bxa6 Rb8 13. Qd1 e5 14. Bd3 Be6
15. a3 g6 16. O-O Bg7 17. dxe5 Qxe5 18. f4 Qc7 19. Qc2 O-O 20. Nb5 Qb6 21. Nd4
Rfc8 22. f5 Bd7 23. b4 Ng4 24. Qc5 Qc7 25. g3 Qe5 26. Rf3 Re8 27. Ra2 Nf6 28.
Rc2 Bf8 29. Qc3 Qc7 30. fxg6 Bg7 31. gxf7+ Kxf7 32. Nb5 Rxb5 33. Bxb5 Kg8 34.
Rxf6 Bxf6 35. Qxf6 Re6 36. Qd4 Rg6 37. Bd3 Rg4 38. Qf6 Be8 39. Bb2 d4 40. Qe6+
{#r} 1-0

[Event "Western Idaho Open"]
[Site "Boise, ID"]
[Date "2014.12.13"]
[Round "2.110"]
[White "Longhurst, Corey Kenneth"]
[Black "Faulkner, Joetta"]
[Result "1-0"]
[WhiteElo "1410"]
[BlackElo "847"]
[EventRounds "5"]
[EventCountry "USA"]

1. e4 e5 2. Nf3 Nc6 3. Bb5 a6 4. Ba4 b5 5. Bb3 Nf6 6. O-O Nxe4 7. Qe2 Ng5 8.
Nxe5 Nxe5 9. Qxe5+ Ne6 10. d4 d6 11. Qe4 Ra7 12. Bd5 Bd7 13. Re1 Be7 14. g3
O-O 15. Nc3 c6 16. Bxc6 Bxc6 17. Qxc6 Nxd4 18. Qe4 Ne6 19. Be3 Nc5 20. Bxc5
dxc5 21. Rad1 Bd6 22. Re2 Re7 23. Qc6 Rd7 24. Red2 Qe7 25. Rxd6 Rxd6 26. Qxd6
Qxd6 27. Rxd6 b4 28. Nd5 a5 29. Rc6 Rd8 30. Rxc5 Ra8 31. Kf1 g6 32. Ke2 h5 33.
Kd3 f5 34. Rc6 Kh7 35. Ne7 Rd8+ 36. Ke2 Re8 37. Rc7 g5 38. Kf1 f4 39. Nc6+ Kg6
40. Nxa5 Kf5 41. c3 bxc3 42. Rxc3 Kg4 43. b4 Kh3 44. gxf4+ Kxh2 45. fxg5 h4
46. b5 Ra8 47. Ra3 Rg8 48. f4 Rf8 49. Rf3 Rd8 50. Ke2 Kg2 51. Rf2+ Kg3 52. Rf1
h3 53. g6 Kg2 54. Nc6 Re8+ 55. Ne5 h2 56. a4 Ra8 57. g7 Rg8 58. a5 Rxg7 59. b6
Rg8 60. a6 Rf8 61. Rf2+ Kg1 62. Nf3+ Kh1 63. Rxh2# 1-0